Регионална библиотека "Любен Каравелов" - Русе

Неоплатонизмът (Запис номер 103860)

MARC детайли
000 -Лидер
Контролно поле с фиксирана дължина 01407nam a2200385 c 4500
003 - Код на организацията, давaща контролен номер
Контролно поле BLK
005 - Дата и час на последна редакция
Контролно поле 20190321154224.0
008 - Елементи от данни с фиксирана дължина
fixed length control field 180409b bul|||||r ||||||| ||bul||
010 ## - Наследен системен номер
LC control number KNG00108940000
020 ## - Международен стандартен номер на книга ISBN
Международен стандартен номер на книга ISBN 954-9904-28-8
-- издат.: Одри
040 ## - Източник на каталожния запис
Идентификатор на билиотеката - собственик на записа BLK
041 ## - Код за език
Код за езика на текст/звукозапис или на отделно заглавие Български
Код за езика КДБФ Български
080 ## - УДК
Текстов определител УДК Метафизически идеализъм
УДК код - определител по УДК 141.13
УДК определител
УДК - код + определител 141.13
100 1# - Редна дума - Автор
Автор Брюн, Жан
Авторска отговорност първи автор
R(LIN) 271249
139 ## - Редно поле
Редна дума Брюн, Жан
Авторски знак Бръ - Б 83
245 10 - Сведения за заглавието
Заглавие Неоплатонизмът
Редно поле (дума) Жан Брюн; прев. от фр. Марио Йончев; науч. ред. Иван Христов.
257 ## - Страна на издаване
Страна на създаване/издаване Франция
260 ## - Област на издателските данни
-- Враца
Име на издателя, разпространителя и проч. Одри
Година на издаване 2002
Печатница Враца : БГ - Принт
300 ## - Физическа характеристика
Страници 127 с.
Размери/Мащаб 20 см
380 ## - Жанр
Жанр Философия
490 1# - СЕРИИ (Колекции)
Име на серия Библиотека Компас
№: серия 28
500 ## - Общи забележки
Забележка Ориг. загл. L'neoplatonisme / Jean Brun. - Библиогр. с. 120-124
504 ## - Забележка за наличие на библиография и др
Забележка за наличие на библиография и под. 120-124
650 #4 - Допълнително описание по предмет – тема
Основно описание – тема или топоним Древна Гърция - философия
9 (RLIN) 242036
650 #4 - Допълнително описание по предмет – тема
Основно описание – тема или топоним Неоплатонизъм
9 (RLIN) 164146
653 ## - Ключова дума – ненормативна
Ключова дума философия
653 ## - Ключова дума – ненормативна
Ключова дума неоплатонизъм
700 1# - Други автори (авторска отговорност)
Лично име Йончев, Марио
Автороска отговорност (Описва отношението между автора и произведението) прев. от фр.
9 (RLIN) 363331
700 1# - Други автори (авторска отговорност)
Лично име Христов, Иван
Автороска отговорност (Описва отношението между автора и произведението) науч. ред.
9 (RLIN) 369031
852 ## - Местоположение
Форматна сигнатура Цб 216674
856 4# - Електронен адрес и достъп
Електронен формат pdf - файл
Път до файла /url/
856 4# - Електронен адрес и достъп
Електронен формат pdf - файл
Път до файла /url/
942 ## - АРТИКУЛИ
Вид на библиотечния материал Книги
Скрит в OPAC Не
Koha issues (borrowed), all copies 1
944 ## - СЪЗДАВАНЕ И РЕДАКЦИЯ на ЗАПИСА
Създаване/Редакция Създаване
Дата на регистрацията/редакция 14.11.2003
Служител, извършил регистрацията/редакцията Геновева_Генчева
944 ## - СЪЗДАВАНЕ И РЕДАКЦИЯ на ЗАПИСА
Създаване/Редакция Редакция
Дата на регистрацията/редакция 07.03.2007
Служител, извършил регистрацията/редакцията
999 ## - СИСТЕМНИ КОНТРОЛНИ НОМЕРА
Koha biblionumber 103860
Koha biblioitemnumber 103860
Наличности
Код за отписване Код за изгубен артикул Код за повреда Коз за рестрикции Код за отдаване Артикулен № Име на библиотеката - собственик Име на библиотеката, в която се намира в момента Статус (Текущо местоположение) Дата на вписване в системата Местоположение - отдел Цена в лева Инвентарен номер Систематично азбучна сигнатура Баркод Номер на екземпляра Цена в евро Служебна бележка Служебен тип на артикула
  Не е изгубен Не е повреден без рестрикции ползва се в читалня 167727 Регионална библиотека "Любен Каравелов" Русе Регионална библиотека "Любен Каравелов" Русе Читалня 2003-11-14 Читалня 4.00 120000680071 Ч 14/Б 83 120000680071 1 2.05 Дост: DA Вид: А N: 28 Дата: 14.11.2003 Дата инв: 21.03.2017 Бележки инв: Ч2017 Книги
  Не е изгубен Не е повреден без рестрикции ползва се в читалня 167728 Регионална библиотека "Любен Каравелов" Русе Регионална библиотека "Любен Каравелов" Русе Хранилище 2007-03-05 Хранилище 4.00 120000710640 Цб 216674 120000710640 2 2.05 Дост: Dp Вид: Д N: 23 Дата: 17.05.2006 Книги
Vip Innovations Ltd, Rousse, Bulgaria 2025